Central Library OPAC University of Rajshahi

রাজশাহীর আদিবাসী সম্প্রদায় : (Record no. 47272)

MARC details
000 -LEADER
fixed length control field 01137nam a22002417a 4500
001 - CONTROL NUMBER
control field 47272
003 - CONTROL NUMBER IDENTIFIER
rucl marc code BD-RjUL
005 - DATE AND TIME OF LATEST TRANSACTION
control field 20211209054303.0
008 - FIXED-LENGTH DATA ELEMENTS--GENERAL INFORMATION
fixed length control field 160808s2007 bg ||||| |||| 00| 0 ben d
020 ## - INTERNATIONAL STANDARD BOOK NUMBER
International Standard Book Number 9843000002671
Terms of availability : TK 80.00
035 ## - SYSTEM CONTROL NUMBER
System control number (BD-RjUL)47391
040 ## - CATALOGING SOURCE
Original cataloging agency BD-RjUL
Language of cataloging eng
Transcribing agency BD-RjUL
041 ## - LANGUAGE CODE
Language code of text/sound track or separate title eng
082 ## - DEWEY DECIMAL CLASSIFICATION NUMBER
Edition number 23
Classification number 306.0954922
Author mark and year SAR 2007
100 ## - MAIN ENTRY--PERSONAL NAME
Personal name সরকার, হারুন-অর রশিদ
9 (RLIN) 143895
245 10 - TITLE STATEMENT
Title রাজশাহীর আদিবাসী সম্প্রদায় :
Remainder of title ধর্মান্ত ও সাংস্কৃতিক সংকট /
Statement of responsibility, etc. হারুন-অর রশিদ সরকার
260 ## - PUBLICATION, DISTRIBUTION, ETC. (IMPRINT)
Place of publication, distribution, etc. ঢাকা :
Name of publisher, distributor, etc. পরিলেখ ,
Date of publication, distribution, etc. ২০০৭
300 ## - PHYSICAL DESCRIPTION
Pagination ১০৪ পৃ. ;
Size ২১ সেমি.
500 ## - GENERAL NOTE
General note নির্ঘন্ট সম্বলিত
650 ## - SUBJECT ADDED ENTRY--TOPICAL TERM
Topical term or geographic name as entry element Social conditions
General subdivision Adivasis
Chronological subdivision 20th century
Geographic subdivision Rājshāhi District
9 (RLIN) 143896
Topical term or geographic name as entry element সামাজিক অবস্থা
General subdivision আদিবাসী
Chronological subdivision ২০শ শতাব্দী
Geographic subdivision রাজশাহী বিভাগ
9 (RLIN) 143897
942 ## - ADDED ENTRY ELEMENTS (KOHA)
Source of classification or shelving scheme Dewey Decimal Classification
Koha item type Books
Holdings
Lost status Source of classification or shelving scheme Damaged status Not for loan Collection code Permanent Location Current Location Shelving location Date acquired Source of acquisition Total Checkouts Full call number Date last seen Date checked out Copy number Koha item type
  Dewey Decimal Classification     Non-fiction Central Library, University of Rajshahi Central Library, University of Rajshahi   06/08/2007 Lekhok, 1 B 306.0954922 SAR 2007 05/01/2022 20/12/2021 C-2 Books
  Dewey Decimal Classification   Not For Loan Non-fiction Central Library, University of Rajshahi Central Library, University of Rajshahi Reading Room 06/08/2007 Author, gift   B 306.0954922 SAR 2007 12/12/2016   C-1 Books